000 00982 a2200265 4500
003 Nust
005 20250922160245.0
010 _a 98070591
020 _a0764540416 :
035 _a(OCoLC)39308199
040 _cNust
082 0 0 _a005.369,LEV
245 0 0 _aMacworld Office 98 bible /
_cBob LeVitus ... [et al.].
246 3 0 _aOffice 98 Bible
246 3 0 _aOffice ninety eight bible
260 _aFoster City, CA :
_bIDG Books Worldwide,
_cc1998.
300 _axxxvi, 843 p. :
_bill. ;
_c24 cm.
505 _aIntroducing Microsoft Office 98 (Page-1), Word (Page-19), Formatting Documents (Page-71), Previewing and Printing your Documents (Page-103), Working with Tables and Outlines (Page-117), Working with Fields (Page-149).
650 0 _aBusiness
_xComputer programs.
_919731
650 0 _aElectronic spreadsheets.
650 0 _aPresentation graphics software.
_999455
650 0 _aWord processing.
_936793
700 1 _aLeVitus, Bob.
_9130580
942 _cREF
_2ddc
999 _c174901
_d174901